Manuel du savonnier

Saved in:
书目详细资料
主要作者: Matagrin, Amédée (autor)
格式: 图书
语言:法语
出版: París Gauthier-Villars 1948
版:13a. ed
主题:
标签: 添加标签
没有标签, 成为第一个标记此记录!

MARC

LEADER 00000nam a2200000 a 4500
001 UCU7221
003 CL-VaPUC
008 960628e19480000FR |||||||||||||||||fre|d
082 0 4 |a 668.12  |b MAT  |2 21 
100 |a Matagrin, Amédée   |e autor  |9 365857 
245 1 0 |a Manuel du savonnier 
250 |a 13a. ed 
300 |a 450 p 
942 |c BK 
945 |d 19960628 00:00:00  |a paguirre 
260 |a París  |b Gauthier-Villars  |c 1948 
650 0 |a Tecnología química   |9 263002 
650 7 |a JABONES  |2 CL-VaPUC  |9 365645 
650 7 |a PRODUCTOS QUIMICOS ORGANICOS  |2 CL-VaPUC  |9 344420 
650 0 |a Procesos industriales  |9 334036 
583 |a last modification  |c 19960628 00:00:00  |k Rodrigo Vera 
999 |c 249900  |d 249898